MDQL
is popping MORE tags! Check the
thread
!
Quizzes
Events
Quiz Creation
Community
Videos
Private Events
Remove Ads
Sign In
Join for FREE
Feedback
Dark Mode
Quiz Categories
Sports
Geography
Music
Movies
Television
Just For Fun
Miscellaneous
History
Literature
Language
Science
Gaming
Entertainment
Religion
Holiday
For Kids
Quiz Lab
Recent
Popular Today
Quiz Kudos Today
Editor Picks
Curator Picks
Quizzes by...
Day
Popularity
Type
Ratings
Length
Year
Community
Subscriptions
Recent Discussions
Orange Saloon
Badges
Playlists
Quests
Create
Leaderboards
Showdown
Live 5
Trivia Bingo
Activity
Puzzle Library
Sporcle Events
Private Events
Virtual Trivia
Globe League
Become a Host
Pub Owners
SporcleCon
Opinionation
Our Games
Videos
Blog
Mobile Apps
Partnerships
Remove Ads and Go Orange
Feedback
Sports
Athletes
MLB
NBA
NHL
NFL
Soccer
Sports Teams
WWE
NCAA
Football
Premier League
Basketball
Baseball
Hockey
Golf
Tennis
Cricket
Rugby
Auto Racing
Olympics
World Cup
Sports
Athletes
MLB
NBA
NHL
NFL
Soccer
Sports Teams
WWE
NCAA
Football
Premier League
Basketball
Baseball
Hockey
Golf
Tennis
Cricket
Rugby
Auto Racing
Olympics
World Cup
Random Quiz
Search Sporcle
×
Quiz Lab
Quiz Lab
Sports
opponent
Type in answers that appear in a list
Type in answers that appear in a list
Classic
Best Score? Go Orange.
The Miz ****+ star matches Stats
Can you name the The Miz ****+ star matches?
By
Slake43
7m
31 Questions
80 Plays
80 Plays
80 Plays
Comments
Comments
Give Quiz Kudos
Give Quiz Kudos
-
- Ratings
hide this ad
Replay
Link that replays current quiz
Next Quiz
Link to next quiz in quiz playlist
You Got
0%
They Got
Avg Score
79%
Avg Friend Score
Upgrade to see
Score Distribution
Jump to the score distribution portion of the page
Score
0/31
Timer
07:00
0
Plays Today
Event
Opponent
% Correct
WWE Royal Rumble 2008 **** 1/
4
John Cena
98.8%
WWE Extreme Rules 2011 ****
John Cena
98.8%
WWE Elimination Chamber 2017 **** 1/
2
John Cena
98.8%
WWE WrestleMania 32 **** 1/
4
Dolph Ziggler
87.5%
WWE No Mercy 2016 **** 1/
2
Dolph Ziggler
87.5%
WWE TLC 2016 ****
Dolph Ziggler
87.5%
WWE Money In The Bank 2010 ****
Randy Orton
86.3%
WWE Elimination Chamber 2017 **** 1/
2
Dean Ambrose
86.3%
WWE Elimination Chamber 2017 **** 1/
2
AJ Styles
85%
WWE Money In The Bank 2010 ****
John Morrison
83.8%
WWE Monday Night RAW January 3rd 2011 ****
John Morrison
83.8%
WWE Extreme Rules 2011 ****
John Morrison
83.8%
WWE WrestleMania 32 **** 1/
4
Kevin Owens
83.8%
WWE Extreme Rules 2016 **** 1/
2
Kevin Owens
83.8%
WWE Elimination Chamber 2017 **** 1/
2
Bray Wyatt
83.8%
WWE TLC 2011 ****
CM Punk
81.3%
Event
Opponent
% Correct
WWE WrestleMania 32 **** 1/
4
Sami Zayn
81.3%
WWE Extreme Rules 2016 **** 1/
2
Sami Zayn
81.3%
WWE WrestleMania 32 **** 1/
4
Zack Ryder
80%
WWE Extreme Rules 2016 **** 1/
2
Cesaro
80%
WWE Money In The Bank 2010 ****
Edge
78.8%
WWE Elimination Chamber 2017 **** 1/
2
Baron Corbin
78.8%
WWE WrestleMania 32 **** 1/
4
Stardust
76.3%
WWE TLC 2011 ****
Alberto Del Rio
75%
WWE Royal Rumble 2007 ****
The Undertaker
72.5%
WWE Royal Rumble 2016 ****
Triple H
71.3%
WWE WrestleMania 32 **** 1/
4
Sin Cara
67.5%
WWE Money In The Bank 2010 ****
Chris Jericho
66.3%
WWE Money In The Bank 2010 ****
Mark Henry
55%
WWE Money In The Bank 2010 ****
Evan Bourne
53.8%
WWE Money In The Bank 2010 ****
Ted DiBiase Jr
50%
Quiz Playlist
Details
Report
Send in Message
Add To Playlist
Classic:
Type in answers that appear in a list
Last Updated: Sep 21, 2017
Quiz Scoreboard
CHALLENGE
Sign Up to Join the Scoreboard
Show All
Scores
Hide
Comments
May contain spoilers
Recently Published
Colored Red Africa Blitz
by spor1
Geography
30s
Find the 'City' Movie
by crazypaving
Movies
60s
5x2 Blitz: Bands
by SL_Kpop136
Music
30s
More to Explore
Quiz From the Vault
Featured Blog Post
14 Easter Pick-up Lines to Find Eggs With
hide this ad
You Might Also Like...
Tags
Event
opponent
star
Today's Top Quizzes in Sports
Browse Sports
hide this ad
Today's Top Quizzes in opponent
Browse opponent
Top Contributed Quizzes in Sports
1
Players with Multiple 50 Home Run Seasons
2
Criteria MLB: Left Handed Sluggers
3
MLB Players with Two .350 Batting Average Seasons
4
Who Hit More Homers?
5
Premier League Clubs since 2000 (minefield)
6
Who Needs Fielders?
7
2020 F1 Drivers Logic Puzzle
8
Les entraîneurs de l'OM et du PSG au 21e siècle
9
Top 10 NHL Goal Scorers of All Time
10
MLB Hall of Famer by Rings
Explore More
Trending Topics
Kpop
Crossword
Marvel
Anime
NBA
Disney
Harry Potter
NFL
Country
The Office
Pokémon
WWE
Puzzle
Soccer
Song
hide this ad
More By:
Slake43
Quiz
Plays
Rating
Category
Featured
Created
Every WWE 5 Star match
449
2.33
Sports
Sep 14, 2017
WWE superstars by submission finisher
154
Sports
Sep 14, 2017
WWE top rope finishing moves
142
1.00
Sports
Sep 21, 2017
Follow That Line: SMG4: Infinity War Part 1
122
Miscellaneous
Sep 28, 2018
WWE R-Truth ****+ PPV matches
95
5.00
Sports
Sep 15, 2017
Go to Creator's Profile
Score Distribution
Quiz Creator Spotlight
Slake43
Follow
Send a Message
Quizzes Created
-
Created Quiz Play Count
-
More By This Creator
Popular Quizzes Today
1
Find the 'City' Movie
2
Colored Red Africa Blitz
3
5x2 Blitz: Bands
4
Find the US States - No Outlines Minefield
5
The Countries of the World
6
Find the US States
7
9x9 Crossword: Cartoon Network
8
US States
More Sports Quizzes
2018 NBA Champions - Golden State Warriors
Quiz Lab
Trending Quizzes
Colored Red Europe Blitz I
Colored Red Africa Blitz II
Colored Red Africa Blitz III
Colored Red Europe Blitz III
Colored Red Europe Blitz II
Recently Updated
Champions League XIs: Real Madrid
pecheneg
Largest US Cities 1790-2010
pecheneg
Rides in Walt Disney World
pecheneg
Most Oscar Losses (Acting)
pecheneg
Beyoncé Albums
pecheneg
Leaping Animals
pecheneg
Reality TV Shows (A-Z)
bhenderson79
Rickey Henderson's Hall of Fame Teammates
pecheneg
Champions League XIs: Arsenal
pecheneg
Quick Pick: Celebrities in WWE's Hall of Fame
aduchscher
Trending Topics
NBA
Crossword
Harry Potter
Marvel
Anime
Disney
Kpop
Soccer
WWE
Puzzle
The Office
NFL
Song
Pokémon
Country
Your Account Isn't Verified!
In order to create a playlist on Sporcle, you need to verify the email address you used during registration. Go to your
Sporcle Settings
to finish the process.
Report this User
Report this user for behavior that violates our
Community Guidelines
.
Details:
Send Report
Go to the Sporcle.com Mobile Site →
Comments